000 00381nam a2200157 i 4500
001 bg
100 1 _aSTEINBORN, J.
245 0 _aKrajowe wytwornice acetylenowe /
_cJ. Steinborn, A. Nowakowski.
250 _aWyd.3 uakt.
260 _aWarszawa,
_c1987.
700 1 _aNOWAKOWSKI, A.
040 _cBPK
041 _apol
942 _cKS
008 s pl f |000 0 pol
999 _c3412
_d3412
856 _uhttp://koha.tu.koszalin.pl/cgi-bin/koha/opac-detail.pl?biblionumber=3412
_yKatalog online BPK